000 02511nam0a2200373 4500
001 RU\NLR\bibl\396696
005 20260406001515.0
010 _a5-93966-040-1
_9700
021 _aRU
_b2003-9580
_9439
035 _a(NLR Aleph) 000390921
090 _a515044
_c515044
100 _a20030414d2002 |||y0rusy50 ca
101 0 _arus
102 _aRU
105 _ay |||||||||
200 1 _aНаучно-практический комментарий к Кодексу Российской Федерации об административных правонарушениях
_eКомпетенция федер. органов налоговой полиции в обл. адм. ответственности
_fГл. упр. Федер. службы налоговой полиции Рос. Федерации по Приволж. федер. окр.
_g[Подгот. Чих Н.В. и др.]
210 _aСаранск
_cБ.и.
_d2002
215 _a116 с.
_d20
604 _171001$aРоссийская Федерация
_150011$aКодекс об административных правонарушениях$jКомментарии$2nlr_sh2$3RU\NLR\AUTH\661261366
_aРоссийская Федерация
_tКодекс об административных правонарушениях
_jКомментарии
_92085252
_3RU\NLR\AUTH\661261366
604 _171001$aРоссийская Федерация. Законы
_150011$aКодекс Российской Федерации об административных правонарушениях$2psbo
_aРоссийская Федерация. Законы
_tКодекс Российской Федерации об административных правонарушениях
606 0 _aКодекс об административных правонарушениях
_jКомментарии
_yРоссийская Федерация
_92085256
_3RU\NLR\auth\661261370
610 0 _aКодекс об административных правонарушениях Российской Федерации
675 _a347.5(470)
_v3
_zrus
686 _a10.27
_2rugasnti
686 _a67.404
_2rubbk
686 _aХ621.033.2-324.9(2Р)
702 1 _4220
_8rus
_7ca
_aЧих
_bН. В.
_gНиколай Владимирович
_3RU\NLR\auth\77111058
_993983
801 0 _aRU
_bRKP
_c20030414
_gPSBO
801 1 _aRU
_bRKP
_c20030414
801 2 _aRU
_bNLR
_c20120420
_grcr
942 _cBOOK
980 _aNB
980 _aNBR